000 00882nam a22002897a 4500
001 BR8703725
003 BR-BrBNA
005 20230928092626.0
007 ta
008 230509b bl.||||| |||| 00| 0 por d
040 _aBR-BrBNA
_bpor
_cBiblioteca Nacional de Agricultura
041 _a(Por)
072 _aE21
_b9320
_b/G514
090 _ 9320 BR8703725
100 1 _aWanderley, L.A.
110 1 _aUniversidade Federal da Bahia, Salvador (Brasil). Faculdade de Ciencias Economicas
_910732
245 1 _aAgroindustria acucareira do estado de Alagoas, sua importancia socio-economica e absorcao de mao-de-obra
260 3 _aSalvador, BA (Brasil):
_c1981.
300 _a112 p.
500 _a13 tables; 48 ref.
650 _aACUCAR
650 _aINDUSTRIA AGRICOLA
650 _aMAO-DE-OBRA
650 _aALAGOAS
909 _a202309
_bLucia
_c55
_dLucia Elande
942 _cBK
999 _c40233
_d40233